000 00703nam a2200289Ia 4500
008 181129s9999 xx 000 0 und d
020 _a9780545391436
050 _bM554 2012
100 _aMercer, Sienna
245 0 _aVampire school dropout? /
245 0 _cby Sienna Mercer.
260 _aNew York, NY :
260 _bScholastic,
260 _c2012
300 _a181 pages :
300 _billustrations ;
300 _c19cm.
440 _aMy sister the vampire.
650 _aBoarding schools.
650 _aRock concerts.
650 _aSeparation (Psychology).
650 _aSisters --
650 _aVampires.
650 _xTwins.
700 _aSeries.
700 _aTitle.
999 _c360322
_d360322